<?xml version="1.0" encoding="UTF-8"?>
<record
    xmlns:xsi="http://www.w3.org/2001/XMLSchema-instance"
    xsi:schemaLocation="http://www.loc.gov/MARC21/slim http://www.loc.gov/standards/marcxml/schema/MARC21slim.xsd"
    xmlns="http://www.loc.gov/MARC21/slim">

  <leader>00321nam a22000977a 4500</leader>
  <datafield tag="999" ind1=" " ind2=" ">
    <subfield code="c">8094</subfield>
    <subfield code="d">8095</subfield>
  </datafield>
  <controlfield tag="008">190708b           ||||| |||| 00| 0 eng d</controlfield>
  <datafield tag="245" ind1=" " ind2=" ">
    <subfield code="a">Bhutan Trade Statistics 2017.</subfield>
    <subfield code="b">Department of Revenue and Customs.</subfield>
    <subfield code="c">Ministry of Finance.</subfield>
  </datafield>
  <datafield tag="260" ind1=" " ind2=" ">
    <subfield code="a">Thimphu ;</subfield>
    <subfield code="b">Ministry of Finance,</subfield>
    <subfield code="c">2017.</subfield>
  </datafield>
  <datafield tag="300" ind1=" " ind2=" ">
    <subfield code="a">vii, 508 p.</subfield>
    <subfield code="c">29 cm.</subfield>
  </datafield>
  <datafield tag="942" ind1=" " ind2=" ">
    <subfield code="2">ddc</subfield>
  </datafield>
  <datafield tag="952" ind1=" " ind2=" ">
    <subfield code="0">0</subfield>
    <subfield code="1">0</subfield>
    <subfield code="2">ddc</subfield>
    <subfield code="4">0</subfield>
    <subfield code="7">0</subfield>
    <subfield code="8">MAIN</subfield>
    <subfield code="a">RTCLIB</subfield>
    <subfield code="b">RTCLIB</subfield>
    <subfield code="c">MAIN</subfield>
    <subfield code="d">2019-07-08</subfield>
    <subfield code="h">14015</subfield>
    <subfield code="l">1</subfield>
    <subfield code="o">336.0205 DEP</subfield>
    <subfield code="p">30013801</subfield>
    <subfield code="r">2020-10-16 00:00:00</subfield>
    <subfield code="s">2020-09-15</subfield>
    <subfield code="w">2019-07-08</subfield>
    <subfield code="y">MAIN</subfield>
  </datafield>
</record>
